000 01283cam a2200205 4500
001 ##L133090
008 060410n2006 000 0 eng u
035 _a(Sirsi) u133090
041 0 _aeng
050 0 4 _a745.1 $2 18
110 2 4 _aUnited Kingdom
_bDepartment for Culture, Media and Sport
245 0 0 _aAnti-seizure legislation
260 _aLondon
_bDCMS
_c2006
490 0 _aDCMS Consultation Paper
520 _aExhibitions of a multi-cultural nature are playing an integral part in UK museums and galleries. Unfortunately, the United Kingdom does not have legislation granting immunity from seizure to items lent to exhibitions. As a consequence of this, it is not possible to give a guarantee that an exhibition piece would not be liable to seizure in this country. This paper considers whether it is appropriate for the United Kingdom to enact anti-seizure legislation protecting items for exhibition, and if so, what form such legislation should take.
590 _aIKA110406
690 _aArts and antiques
_96217
856 4 0 _uhttps://www.culture.gov.uk/global/consultations/2006+current+consultations/anti_seizure.htm?properties=2006+current+consultations%2C%2Fglobal%2Fconsultations%2Fdefault%2C&month=
_zView this document at www.culture.gov.uk...
942 _n0
999 _c105326
_d105326